000 00491nam a2200181Ia 4500
001 16658
005 20260306170326.0
008 260306t2008||||xx |||||||||||||| ||und||
041 _aESP
082 _a349
_bP87
100 _aProdi, Paolo
_eAUT
245 0 _aUna historia de la justicia:
_bde la pluralidad de fueros al dualismo moderno entre conciencia y derecho
260 _c2008
300 _a457 páginas :
_c23 cm.
650 _aGEN
654 _aCDE
942 _cLIB
_dJUS
_fJUS
_2ddc
_n
999 _c16658
_d16658